[Event "SR 3. liga A2 2011/2012"]
[Site "?"]
[Date "2011.11.13"]
[Round "3.1"]
[White "Husek, Lubomir"]
[Black "Klanica, Anton"]
[Result "0-1"]
[WhiteElo "1768"]
[BlackElo "1828"]
[PlyCount "144"]
[EventDate "2011.??.??"]

1. e4 e6 2. d4 d5 3. e5 c5 4. c3 Nc6 5. Nf3 Qb6 6. a3 a5 7. Bd3 Bd7 8. Bc2 cxd4
9. cxd4 Nge7 10. O-O Rc8 11. Nc3 Na7 12. Na4 Qc7 13. Bd3 Ng6 14. Bd2 Be7 15.
Rc1 Qd8 16. Rxc8 Nxc8 17. Nc5 Bxc5 18. dxc5 Qc7 19. Bxg6 fxg6 20. b4 axb4 21.
axb4 O-O 22. Qb3 Ne7 23. Re1 Ra8 24. Rc1 Bb5 25. Qb2 h6 26. Ra1 Rxa1+ 27. Qxa1
Nc6 28. Bc3 Ne7 29. Nd4 Qd7 30. Qa5 Bd3 31. b5 Nf5 32. c6 bxc6 33. bxc6 Qc8 34.
Qb6 Nxd4 35. Bxd4 Kh7 36. Qb7 Ba6 37. Qxc8 Bxc8 38. Kf1 g5 39. g4 g6 40. Be3
Kg7 41. Ke2 Kf7 42. Kd3 Ke8 43. Kd4 Kd8 44. Kc5 Kc7 45. Kb5 Kb8 46. Kb6 Ka8 47.
Bc5 h5 48. Be7 d4 49. Bxg5 hxg4 50. Bd2 d3 51. Be3 Kb8 52. Bf4 Ka8 53. Kc7 Ba6
54. Kd7 Bb5 55. Kd6 Kb8 56. Kxe6 Kc7 57. Kf6 Kxc6 58. e6 Kd5 59. Kxg6 Ke4 60.
Be3 Kf3 61. Kg5 Ba4 62. Kh4 Bb3 63. e7 Ba4 64. Kg5 Bd7 65. Kf6 Kg2 66. Kf7 Kxh2
67. e8=Q Bxe8+ 68. Kxe8 Kg2 69. Ke7 Kf3 70. Kf6 g3 71. fxg3 Kxe3 72. g4 d2 0-1

[Event "SR 3. liga A2 2011/2012"]
[Site "?"]
[Date "2011.11.13"]
[Round "3.1"]
[White "Benkovsky, Peter"]
[Black "Hrubos, Milan"]
[Result "1/2-1/2"]
[WhiteElo "1468"]
[BlackElo "1790"]
[PlyCount "85"]
[EventDate "2011.??.??"]

1. d4 d5 2. c4 c6 3. Nc3 Nf6 4. e3 e6 5. Nf3 a6 6. c5 Nbd7 7. Bd3 Qc7 8. h3 e5
9. Bc2 Be7 10. O-O O-O 11. a3 h6 12. Ne1 Nh7 13. Bxh7+ Kxh7 14. f4 e4 15. Ne2
f5 16. Ng3 Nf6 17. Nc2 a5 18. Bd2 b6 19. b4 axb4 20. axb4 Rxa1 21. Qxa1 bxc5
22. bxc5 Bd7 23. Rb1 Rb8 24. Rxb8 Qxb8 25. Nb4 Qb7 26. Qa6 Qxa6 27. Nxa6 g6 28.
Ne2 Bd8 29. Kf2 Ng8 30. Nb4 Ba5 31. Bc3 Ne7 32. Na6 Bd8 33. Nc1 Bc8 34. Nb4 g5
35. g3 Kg6 36. Ne2 Bc7 37. Nc2 Ba6 38. Ne1 Bxe2 39. Kxe2 gxf4 40. gxf4 Kh5 41.
Ng2 Ng6 42. Be1 Bd8 43. Kf1 1/2-1/2

[Event "SR 3. liga A2 2011/2012"]
[Site "?"]
[Date "2011.11.13"]
[Round "3.2"]
[White "Travnicek, Petr"]
[Black "Spacek, Oliver"]
[Result "1/2-1/2"]
[WhiteElo "2127"]
[BlackElo "1907"]
[PlyCount "66"]
[EventDate "2011.??.??"]

1. d4 Nf6 2. c4 g6 3. Nc3 Bg7 4. e4 d6 5. f3 O-O 6. Be3 a6 7. Qd2 Nbd7 8. O-O-O
c6 9. Bh6 b5 10. h4 e5 11. Nge2 b4 12. Na4 Qa5 13. b3 d5 14. Bxg7 Kxg7 15. dxe5
Nxe5 16. Qg5 dxc4 17. f4 cxb3 18. axb3 Nc4 19. Ng3 h6 20. Qxa5 Nxa5 21. Nc5 Be6
22. Kb2 Rfd8 23. Bxa6 Rxd1 24. Rxd1 Nxb3 25. Nxe6+ fxe6 26. Bc4 Nc5 27. Rd6 Ra3
28. Ne2 Nfxe4 29. Rxc6 Nd3+ 30. Kc2 Ne1+ 31. Kb2 Nd3+ 32. Kc2 Ne1+ 33. Kb2 Nd3+
1/2-1/2

[Event "SR 3. liga A2 2011/2012"]
[Site "?"]
[Date "2011.11.13"]
[Round "3.2"]
[White "Jozefek, Michal"]
[Black "Pribila, Michal"]
[Result "1-0"]
[WhiteElo "1910"]
[BlackElo "2101"]
[PlyCount "63"]
[EventDate "2011.??.??"]

1. d4 c5 2. e4 cxd4 3. Nf3 e5 4. c3 Nc6 5. Bc4 Be7 6. O-O Nf6 7. cxd4 d6 8. Nc3
O-O 9. dxe5 Nxe5 10. Nxe5 dxe5 11. Qb3 h6 12. Rd1 Qc7 13. Nb5 Qb8 14. f3 Bd7
15. Be3 Bc6 16. Nc3 Qe8 17. Nd5 Nxd5 18. Bxd5 Ba4 19. Qxb7 Rb8 20. Qxa7 Bxd1
21. Rxd1 Kh8 22. b3 f5 23. Rc1 Bd6 24. Rc6 Rf6 25. Rb6 f4 26. Bf2 Rc8 27. h3
Rc2 28. Rb7 Qg6 29. b4 Rf8 30. Rb6 Rxf2 31. Kxf2 Qg3+ 32. Kf1 {cierny cas} 1-0

[Event "SR 3. liga A2 2011/2012"]
[Site "?"]
[Date "2011.11.13"]
[Round "3.2"]
[White "Pribila, Gerhard"]
[Black "Diviak, Rudolf"]
[Result "1-0"]
[WhiteElo "2036"]
[BlackElo "1865"]
[PlyCount "79"]
[EventDate "2011.??.??"]

1. e4 d6 2. d4 g6 3. Be3 Bg7 4. Qd2 c5 5. Nc3 cxd4 6. Bxd4 Nf6 7. f3 Nc6 8. Be3
a6 9. O-O-O b5 10. Nge2 Qa5 11. Kb1 Be6 12. Nd5 Qxd2 13. Nxf6+ Bxf6 14. Rxd2
Ne5 15. Nf4 Nc4 16. Bxc4 Bxc4 17. b3 Be6 $11 18. Nxe6 fxe6 19. Bd4 Bxd4 20.
Rxd4 e5 21. Rd3 Rc8 22. Kb2 Rc6 23. Rc3 Rxc3 24. Kxc3 Kd7 25. Rc1 a5 26. Kd3 e6
27. c4 b4 28. a3 bxa3 29. Ra1 Kc6 30. Rxa3 Ra8 31. b4 a4 32. Kc2 Ra7 33. Kb2 d5
34. exd5+ exd5 35. cxd5+ Kxd5 36. Re3 Kd4 37. Re4+ Kd5 38. Ka3 g5 39. h4 h6 40.
hxg5 1-0

[Event "SR 3. liga A2 2011/2012"]
[Site "?"]
[Date "2011.11.13"]
[Round "3.2"]
[White "Spacek, Marcel"]
[Black "Kocak, Branislav"]
[Result "1/2-1/2"]
[WhiteElo "1818"]
[BlackElo "1914"]
[PlyCount "110"]
[EventDate "2011.??.??"]

1. d4 Nf6 2. c4 e6 3. Nf3 b6 4. g3 Bb7 5. Bg2 d5 6. O-O Be7 7. Ne5 Nbd7 8. Qa4
c5 9. dxc5 Bxc5 10. Nc3 Bd4 11. cxd5 Bxe5 12. dxe6 Bxg2 13. exd7+ Qxd7 14. Kxg2
Bxc3 15. Qxd7+ Nxd7 16. bxc3 O-O 17. Rd1 Rfd8 18. Bf4 Nc5 19. Kf3 f6 20. Rd4
Ne6 21. Rc4 Rd5 22. Be3 Rad8 23. Rb1 R8d7 24. a4 Kf7 25. Rb5 Rxb5 26. axb5 Rd5
27. Rb4 Rd7 28. c4 Nd4+ 29. Bxd4 Rxd4 30. Ra4 Rd7 31. Ke4 Ke6 32. Ra3 f5+ 33.
Ke3 g5 34. h3 h5 35. Kf3 Ke5 36. Re3+ Kf6 37. Ra3 Ke5 38. Ke3 f4+ 39. gxf4+
gxf4+ 40. Kf3 Rc7 41. Ra4 Rd7 42. e3 fxe3 43. fxe3 Rf7+ 44. Kg3 Kf5 45. Ra3 Kg5
46. Rd3 h4+ 47. Kg2 Rc7 48. Rd4 Rf7 49. Rg4+ Kh5 50. Rf4 Rg7+ 51. Kf2 Rg3 52.
Rf3 Rg7 53. e4 Kg6 54. Rf5 Kh6 55. Ke3 Rg3+ {
Oba partiare nezrozumitelne zapisane} 1/2-1/2

[Event "SR 3. liga A2 2011/2012"]
[Site "?"]
[Date "2011.11.13"]
[Round "3.2"]
[White "Valla, Tomas"]
[Black "Skapik, Branislav"]
[Result "0-1"]
[WhiteElo "1846"]
[BlackElo "1848"]
[PlyCount "75"]
[EventDate "2011.??.??"]

1. e4 d5 2. exd5 Nf6 3. Bb5+ Bd7 4. Bc4 b5 5. Bb3 Bg4 6. f3 Bc8 7. Ne2 Bb7 8.
c3 Nxd5 9. d4 e6 10. O-O Bd6 11. Qd3 a6 12. a4 c6 13. Qe4 Nd7 14. Nf4 N7f6 15.
Nxe6 fxe6 16. Qxe6+ Qe7 17. Qf5 Kd8 18. Qg5 h6 19. Qd2 Re8 20. g3 Qe3+ 21. Qxe3
Nxe3 22. Re1 Nfd5 23. Kf2 Nf5 24. Rxe8+ Kxe8 25. Nd2 c5 26. Ne4 c4 27. Bc2 Nde7
28. g4 Bxh2 29. gxf5 Nxf5 30. f4 g6 31. Kg2 Nd6 32. Kxh2 Nxe4 33. Be3 Kf7 34.
Rc1 Nf6 35. Bd2 Rb8 36. axb5 axb5 37. Rd1 Ng4+ 38. Kg3 {Dalej necitatelne} 0-1

[Event "SR 3. liga A2 2011/2012"]
[Site "?"]
[Date "2011.11.13"]
[Round "3.2"]
[White "Nemeckay, Rastislav"]
[Black "Brunovsky, Peter"]
[Result "1-0"]
[WhiteElo "1808"]
[BlackElo "1809"]
[PlyCount "80"]
[EventDate "2011.??.??"]

1. e4 c6 2. d4 d5 3. Nc3 dxe4 4. Nxe4 Nf6 5. Nxf6+ gxf6 6. Bc4 Bf5 7. Ne2 e6 8.
Ng3 Bg6 9. O-O Bd6 10. c3 Nd7 11. Re1 Nb6 12. Bb3 Qc7 13. Qf3 O-O-O 14. Qxf6 h5
15. Bg5 Nd5 16. Qf3 Rdg8 17. Bxd5 cxd5 18. Bf6 Rh7 19. Be5 h4 20. Nf1 Be4 21.
Rxe4 dxe4 22. Qxe4 f5 23. Bxd6 Qxd6 24. Qf3 Rhg7 25. g3 f4 26. Kg2 Rf8 27. g4
Qb6 28. b3 h3+ 29. Kxh3 Rfg8 30. Qxf4 Qc6 31. f3 Qa6 32. c4 Qa3 33. Qd2 Qd6 34.
Ng3 Rf7 35. Kg2 Rgf8 36. Rf1 Kb8 37. Qe3 Ka8 38. Rf2 Rh7 39. Qe5 Qc6 40. Qe4
Qd6 1-0

[Event "SR 3. liga A2 2011/2012"]
[Site "?"]
[Date "2011.11.13"]
[Round "3.2"]
[White "Zajicek, Ferdinand"]
[Black "Nemeckayova, Monika"]
[Result "1/2-1/2"]
[WhiteElo "1860"]
[BlackElo "1757"]
[PlyCount "149"]
[EventDate "2011.??.??"]

1. e4 c5 2. Nf3 a6 3. Nc3 d6 4. b3 Nf6 5. Bb2 Nc6 6. h3 e6 7. d3 Be7 8. Ne2 b5
9. c4 bxc4 10. bxc4 O-O 11. Qd2 Bd7 12. Ng3 Rb8 13. Be2 a5 14. Bd1 Rb6 15. Bc3
Qa8 16. Ba4 Nb4 17. Bxd7 Nxd7 18. O-O Rfb8 19. Nh5 e5 20. Nh2 a4 21. f4 a3 22.
Qf2 Nxd3 23. Qg3 g6 24. Qxd3 gxh5 25. Qf3 Kh8 26. fxe5 Nxe5 27. Qxf7 Bh4 28.
Qxh5 Qxe4 29. Ng4 Bg3 30. Qg5 R6b7 31. Qf6+ Rg7 32. Kh1 Qxc4 33. Qxd6 Qxc3 34.
Qxb8+ Rg8 35. Qb3 Qxb3 36. axb3 Nxg4 37. hxg4 Ra8 38. Rf5 Bd6 39. Ra2 Kg7 40.
Kg1 Be7 41. Kf2 Bf6 42. Ke3 Bb2 43. Rxc5 Rb8 44. Ke4 Rxb3 45. Kf5 Rb7 46. Ra5
Rb3 47. Ra7+ Kg8 48. Ra5 Re3 49. Kf4 Rb3 50. Kf5 Kf8 51. Kg5 Kg7 52. Ra7+ Kg8
53. Ra5 Kg7 54. Kh5 Rb6 55. g5 Rb7 56. Ra6 Rf7 57. Rc6 Rf2 58. Rc7+ Kg8 59. Ra7
Rf1 60. R2xa3 Bxa3 61. Rxa3 Rf2 62. g3 Rh2+ 63. Kg4 Kg7 64. Ra7+ Kg6 65. Ra6+
Kg7 66. Rb6 Rd2 67. Rf6 Rd4+ 68. Rf4 Rd6 69. Re4 Kg6 70. Ra4 Rc6 71. Rf4 Kg7
72. Kh5 Rc3 73. Kg4 Rc6 74. Rd4 Kg6 75. Kf4 1/2-1/2

[Event "SR 3. liga A2 2011/2012"]
[Site "?"]
[Date "2011.11.13"]
[Round "3.2"]
[White "Ocko, Martin"]
[Black "Papanek, Lubomir"]
[Result "1-0"]
[WhiteElo "1524"]
[BlackElo "1630"]
[PlyCount "38"]
[EventDate "2011.??.??"]

1. c4 c5 2. Nc3 Nc6 3. Nf3 Nf6 4. e3 e6 5. d4 d5 6. a3 cxd4 7. exd4 dxc4 8.
Bxc4 Be7 9. O-O O-O 10. Re1 a6 11. a4 Qc7 12. Bf1 Bb4 13. Bg5 Nd5 14. Nxd5 exd5
15. Re3 Bg4 16. Qd3 f6 17. Bh4 Rfe8 18. Be2 Qd7 19. Rd1 Rxe3 {
Ciernemu zazvonil telefon} 1-0

[Event "SR 3. liga A2 2011/2012"]
[Site "?"]
[Date "2011.11.13"]
[Round "3.3"]
[White "Malar, Pavol"]
[Black "Veselsky, Jozef"]
[Result "1-0"]
[WhiteElo "2102"]
[BlackElo "2133"]
[PlyCount "157"]
[EventDate "2011.??.??"]

1. e4 c5 2. Nf3 Nc6 3. Bb5 g6 4. O-O Bg7 5. Re1 Nf6 6. c3 O-O 7. d3 d6 8. Nbd2
Bd7 9. Nf1 a6 10. Ba4 b5 11. Bb3 a5 12. a4 b4 13. h3 Rb8 14. d4 bxc3 15. bxc3
cxd4 16. cxd4 Qb6 17. Rb1 Nb4 18. e5 Ne8 19. Bg5 Bf5 20. Bxe7 Bxb1 21. Qxb1 Nd5
22. Bxf8 Kxf8 23. N1d2 Nc3 24. Qc2 Rc8 25. Nc4 Qb4 26. Nxd6 Nxd6 27. exd6 Qxd6
28. Ne5 Qxd4 29. Nxf7 Rc5 30. h4 Qxh4 31. Qd3 Bd4 32. Qf3 Kg7 33. Nd6 Ne2+ 34.
Qxe2 Re5 35. Qxe5+ Bxe5 36. Rxe5 Qb4 37. Ne8+ Kf8 38. Re3 Qb6 39. Bc4 Qb1+ 40.
Kh2 Qb8+ 41. g3 Qb2 42. Re2 Qc3 43. Bb5 Qc5 44. Nf6 Kf7 45. Ne4 Qa7 46. f4 h6
47. Nd6+ Kf8 48. Kg2 Qd4 49. Ne4 Kg7 50. Kf3 Qd1 51. Kf2 Qh1 52. Ke3 Qg1+ 53.
Kd3 Qd1+ 54. Rd2 Qb3+ 55. Ke2 Qb4 56. Kf3 Qb1 57. Rd7+ Kf8 58. Nf2 Qb3+ 59. Ke4
Qxg3 60. Nd3 Qg2+ 61. Ke5 Qg4 62. Kd5 Qf5+ 63. Ne5 Kg8 64. Bc4 g5 65. Kd6+ Kh8
66. Rd8+ Kg7 67. Rd7+ Kh8 68. Nf7+ Kg7 69. Nxg5+ Kg6 70. Ne6 Qe4 71. Rc7 Qe3
72. Ke7 Qa3+ 73. Rc5 h5 74. f5+ Kh6 75. f6 Qb4 76. f7 Qb7+ 77. Rc7 Qb4+ 78. Ke8
Qxa4+ 79. Kd8 1-0

[Event "SR 3. liga A2 2011/2012"]
[Site "?"]
[Date "2011.11.13"]
[Round "3.3"]
[White "Meszaros, Lorant"]
[Black "Synak, Jan"]
[Result "1-0"]
[WhiteElo "2053"]
[BlackElo "1966"]
[PlyCount "66"]
[EventDate "2011.??.??"]

1. d4 Nf6 2. c4 e6 3. g3 d5 4. Nf3 c5 5. Bg2 Nc6 6. cxd5 Nxd5 7. O-O Qb6 8. e4
Nc7 9. d5 Nd4 10. Nc3 Nxf3+ 11. Qxf3 Bd7 12. Bf4 Rc8 13. Rfd1 Nb5 14. Nxb5 Qxb5
15. Qc3 Qb4 16. Qxb4 cxb4 17. Rac1 Bc5 18. Bh3 b6 19. Kg2 Ke7 20. Rd2 h6 21.
dxe6 Bxe6 22. Bxe6 Kxe6 23. Rcd1 Rc6 24. h4 g6 25. Rd7 a5 26. Rb7 h5 27. Rdd7
Rh7 28. Bg5 a4 29. Rd8 Ke5 30. Kf3 b3 31. axb3 axb3 32. Rdd7 f6 33. Bf4+ Ke6
1-0

[Event "SR 3. liga A2 2011/2012"]
[Site "?"]
[Date "2011.11.13"]
[Round "3.3"]
[White "Peska, Juraj"]
[Black "Kalmar, Tamas"]
[Result "1-0"]
[WhiteElo "1925"]
[BlackElo "1842"]
[PlyCount "47"]
[EventDate "2011.??.??"]

1. c4 Nf6 2. Nc3 g6 3. d4 Bg7 4. e4 d6 5. Nf3 O-O 6. Be2 Nbd7 7. O-O e5 8. dxe5
dxe5 9. Bg5 c6 10. Qd6 Re8 11. Rad1 Qe7 12. Qc7 Nf8 13. Qxe7 Rxe7 14. Rd8 h6
15. Bh4 g5 16. Bg3 Nh5 17. Bxe5 Bxe5 18. Nxe5 Rxe5 19. Bxh5 Kg7 20. Bg4 Ne6 21.
Re8 b6 22. Rd1 Bb7 23. Re7 Ba6 24. Rdd7 1-0

[Event "SR 3. liga A2 2011/2012"]
[Site "?"]
[Date "2011.11.13"]
[Round "3.3"]
[White "Szekely, Stefan"]
[Black "Slamena, Michal"]
[Result "0-1"]
[WhiteElo "1931"]
[BlackElo "1976"]
[PlyCount "32"]
[EventDate "2011.??.??"]

1. c4 Nf6 2. Nc3 g6 3. Nf3 Bg7 4. d4 O-O 5. g3 d6 6. Bg2 Nc6 7. O-O e5 8. Bg5
h6 9. dxe5 hxg5 10. exf6 Bxf6 11. Qd2 Be6 12. Ne4 g4 13. Qf4 Bxb2 14. Rab1 gxf3
15. Rxb2 fxg2 16. Nf6+ Kg7 0-1

[Event "SR 3. liga A2 2011/2012"]
[Site "?"]
[Date "2011.11.13"]
[Round "3.3"]
[White "Majtan, Martin"]
[Black "Both, Lajos"]
[Result "0-1"]
[WhiteElo "1857"]
[BlackElo "1822"]
[PlyCount "64"]
[EventDate "2011.??.??"]

1. e4 c5 2. Nc3 Nc6 3. g3 g6 4. Bg2 Bg7 5. d3 e5 6. Nd5 d6 7. Be3 Be6 8. c3 Nf6
9. Bg5 Bxd5 10. exd5 Ne7 11. Qf3 Nfg8 12. g4 h6 13. Bd2 Rb8 14. Ne2 f5 15. gxf5
Nxf5 16. Qg4 Qf6 17. Qa4+ b5 18. Qxa7 Qd8 19. Qa3 Nf6 20. Qb3 O-O 21. O-O-O Qc7
22. Be4 Nxe4 23. dxe4 c4 24. Qb4 Nh4 25. f4 Qb6 26. Rdf1 Ra8 27. b3 Rxa2 28.
bxc4 Rfa8 29. Qxb5 Qa7 30. Rhg1 Rb8 31. Qc6 Qa3+ 32. Kd1 Qb2 0-1

[Event "SR 3. liga A2 2011/2012"]
[Site "?"]
[Date "2011.11.13"]
[Round "3.3"]
[White "Lelkes, Bela"]
[Black "Gajarsky, Roman"]
[Result "1-0"]
[WhiteElo "1809"]
[BlackElo "1915"]
[PlyCount "67"]
[EventDate "2011.??.??"]

1. e4 e6 2. f4 f5 3. exf5 exf5 4. c3 b6 5. d4 d5 6. Nf3 Nf6 7. Bd3 g6 8. Nbd2
Nbd7 9. Qe2+ Ne4 10. Bb5 Qf6 11. Ne5 Qh4+ 12. g3 Qh3 13. Rg1 Rb8 14. Bc6 Bg7
15. Bxd5 Nxe5 16. dxe5 Nc5 17. Nf3 Ba6 18. c4 Bb7 19. b4 Bxd5 20. cxd5 Ne4 21.
Qb5+ Ke7 22. Qc6 Rbd8 23. Ba3 Rhe8 24. Rd1 Kf8 25. Qxc7 Rc8 26. Qxa7 Rc3 27.
Ke2 Qh5 28. Rgf1 Rec8 29. b5+ Kg8 30. Rc1 Rc2+ 31. Rxc2 Rxc2+ 32. Kd1 Rc3 33.
Qa8+ Kf7 34. e6+ 1-0

[Event "SR 3. liga A2 2011/2012"]
[Site "?"]
[Date "2011.11.13"]
[Round "3.3"]
[White "Jancicka, Viliam"]
[Black "Mezei, Tibor"]
[Result "0-1"]
[WhiteElo "1890"]
[BlackElo "1628"]
[PlyCount "60"]
[EventDate "2011.??.??"]

1. d4 d5 2. Nf3 Nf6 3. Nbd2 e6 4. e3 Bd6 5. b3 c6 6. Bd3 Nbd7 7. c3 Qc7 8. b4
b6 9. Bb2 c5 10. a3 c4 11. Bc2 Bb7 12. Qe2 e5 13. dxe5 Nxe5 14. Nxe5 Bxe5 15.
Nf3 O-O 16. O-O Rfe8 17. Rfd1 b5 18. Nxe5 Qxe5 19. Rd4 Qc7 20. Rad1 a5 21. g3
a4 22. Rf4 Bc8 23. Rdd4 Qe5 24. g4 Be6 25. Qf3 Rad8 26. h4 h6 27. Bf5 Bxf5 28.
Rxf5 Qe6 29. g5 hxg5 30. hxg5 Ne4 0-1

[Event "SR 3. liga A2 2011/2012"]
[Site "?"]
[Date "2011.11.13"]
[Round "3.3"]
[White "Husveth, Juraj"]
[Black "Niznansky, Lukas"]
[Result "0-1"]
[WhiteElo "1000"]
[BlackElo "1740"]
[PlyCount "46"]
[EventDate "2011.??.??"]

1. g3 e5 2. e4 Nf6 3. Bg2 Be7 4. a3 d6 5. c3 O-O 6. h4 Be6 7. d3 c6 8. Nd2 d5
9. h5 h6 10. f3 Nbd7 11. b4 Nb6 12. Qc2 Nh7 13. a4 f5 14. Bh3 Ng5 15. exf5 Bxf5
16. Bxf5 Rxf5 17. d4 e4 18. fxe4 dxe4 19. Nxe4 Qd5 20. Rh4 Raf8 21. Nd2 Qg2 22.
Ne2 Rf1+ 23. Nxf1 Nf3+ 0-1

[Event "SR 3. liga A2 2011/2012"]
[Site "?"]
[Date "2011.11.13"]
[Round "3.4"]
[White "Mihalik, Anton"]
[Black "Merva, Frantisek"]
[Result "1-0"]
[WhiteElo "1965"]
[BlackElo "2047"]
[PlyCount "112"]
[EventDate "2011.??.??"]

1. c4 Nf6 2. Nc3 d5 3. cxd5 Nxd5 4. g3 c5 5. Bg2 Nb4 6. a3 N4c6 7. Nf3 g6 8.
O-O Bg7 9. d3 O-O 10. Qc2 b6 11. Rd1 Bg4 12. Qa4 Qd7 13. Re1 a6 14. Rb1 Ra7 15.
Be3 Nd4 16. Bxd4 cxd4 17. Qxd7 Rxd7 18. Na4 b5 19. Nc5 Rc7 20. b4 a5 21. h3
axb4 22. axb4 Bc8 23. Rec1 Ra7 24. Ra1 Rxa1 25. Rxa1 Nc6 26. Rb1 Bh6 27. Ne1
Ne5 28. f4 Nd7 29. Nc2 Bg7 30. Na3 e5 31. Nxb5 exf4 32. gxf4 Nb6 33. Kf2 Be6
34. Nc7 Bf5 35. Kg3 g5 36. Nd5 gxf4+ 37. Kxf4 Nxd5+ 38. Bxd5 Bxh3 39. b5 Re8
40. Ne4 Be5+ 41. Kf3 h5 42. b6 Bg4+ 43. Kf2 Kg7 44. Rg1 Bf4 45. Ke1 f5 46. Ng3
Bxg3+ 47. Rxg3 Rxe2+ 48. Kf1 Rb2 49. b7 Kf6 50. Ke1 Ke5 51. Bc6 Kd6 52. Bf3 Kc7
53. Rg2 Rb3 54. Rc2+ Kb8 55. Rc8+ Ka7 56. Ra8+ Kb6 1-0

[Event "SR 3. liga A2 2011/2012"]
[Site "?"]
[Date "2011.11.13"]
[Round "3.4"]
[White "Ivan, Imrich"]
[Black "Manak, Adrian"]
[Result "1-0"]
[WhiteElo "2057"]
[BlackElo "1931"]
[PlyCount "123"]
[EventDate "2011.??.??"]

1. Nf3 d5 2. d4 Nf6 3. Bf4 c6 4. e3 Bg4 5. Be2 e6 6. O-O Bd6 7. Ne5 Bxe2 8.
Qxe2 O-O 9. Nd2 c5 10. c3 cxd4 11. exd4 Nc6 12. Bg5 Be7 13. Kh1 Nxe5 14. dxe5
Nd7 15. Bxe7 Qxe7 16. f4 f6 17. Nf3 fxe5 18. Nxe5 Nxe5 19. Qxe5 Rf5 20. Qe3 a6
21. Rae1 Re8 22. g4 Rf6 23. Qe5 Qf7 24. Kg2 Rf8 25. Kg3 h6 26. h4 Kh7 27. Rd1
b5 28. Rd4 Rc8 29. h5 g6 30. hxg6+ Qxg6 31. Rh1 Rf5 32. Qe3 Rg8 33. Rh4 Rh5 34.
Qe2 Rxh4 35. Kxh4 Qb1 36. Rd1 Qg6 37. Re1 Qf6+ 38. Kg3 Rg6 39. Qd3 Kg7 40. Re5
Rg5 41. Re2 Rg6 42. Qe3 Qf5 43. Qf3 Qb1 44. Kh2 Qxa2 45. f5 Rf6 46. Rxe6 Rxe6
47. fxe6 d4 48. Qf7+ Kh8 49. Qf6+ Kh7 50. cxd4 Qxb2+ 51. Kg3 Qd2 52. Kf3 Qc3+
53. Ke4 Qc6+ 54. Ke5 Qc7+ 55. Kf5 Qc2+ 56. Ke5 Qc7+ 57. Kd5 Qb7+ 58. Kd6 Qb8+
59. Kd7 Qb7+ 60. Ke8 Qc8+ 61. Kf7 Qd7+ 62. exd7 1-0

[Event "SR 3. liga A2 2011/2012"]
[Site "?"]
[Date "2011.11.13"]
[Round "3.4"]
[White "Bincik, Pavol"]
[Black "Takacs, Laszlo"]
[Result "0-1"]
[WhiteElo "1916"]
[BlackElo "1976"]
[PlyCount "67"]
[EventDate "2011.??.??"]

1. d4 Nf6 2. c4 g6 3. Nc3 Bg7 4. e4 d6 5. Bd3 O-O 6. f3 e5 7. d5 Nh5 8. Be3 f5
9. Qd2 f4 10. Bf2 a6 11. g4 Nf6 12. h4 Nbd7 13. O-O-O Nc5 14. Bc2 b5 15. Bxc5
dxc5 16. cxb5 axb5 17. Nxb5 Rxa2 18. Na3 Ra1+ 19. Bb1 Bd7 20. Qc3 Qa8 21. h5
gxh5 22. g5 Ne8 23. Rxh5 Nd6 24. Rd2 Be8 25. Rh1 Bg6 26. Ne2 Rb8 27. Qc2 Rxa3
28. bxa3 Qxa3+ 29. Kd1 Qxf3 30. Rg1 Bxe4 31. Qc3 Rxb1+ 32. Qc1 Rxc1+ 33. Kxc1
Qa3+ 34. Kd1 0-1

[Event "SR 3. liga A2 2011/2012"]
[Site "?"]
[Date "2011.11.13"]
[Round "3.4"]
[White "Csefalvay, Stefan"]
[Black "Nemsak, Denis"]
[Result "1/2-1/2"]
[WhiteElo "1916"]
[BlackElo "1916"]
[PlyCount "86"]
[EventDate "2011.??.??"]

1. d4 g6 2. e4 Bg7 3. Nf3 d6 4. Bc4 Nf6 5. Nc3 O-O 6. O-O a6 7. a4 Nbd7 8. Re1
e5 9. dxe5 Nxe5 10. Nxe5 dxe5 11. Bg5 h6 12. Qxd8 Rxd8 13. Bxf6 Bxf6 14. Nd5
Bg5 15. Nxc7 Rb8 16. Nd5 Be6 17. Rad1 Rbc8 18. Bb3 Bg4 19. Rd3 Kg7 20. g3 f5
21. f3 fxe4 22. fxe4 Rf8 23. h4 Bd8 24. Kg2 g5 25. h5 Bxh5 26. Rf1 Rxf1 27.
Kxf1 Ba5 28. Ne7 Rd8 29. Bd5 Be8 30. b3 b5 31. axb5 axb5 32. c3 Bb6 33. Ke2 h5
34. b4 Kf6 35. Nc6 Bxc6 36. Bxc6 Rxd3 37. Kxd3 g4 38. Ke2 Bc7 39. Bxb5 Bd6 40.
Bd7 Kg5 41. Bf5 h4 42. Kf2 h3 43. Be6 Be7 1/2-1/2

[Event "SR 3. liga A2 2011/2012"]
[Site "?"]
[Date "2011.11.13"]
[Round "3.4"]
[White "Strapko, Tomas"]
[Black "Feher, Tibor"]
[Result "1/2-1/2"]
[WhiteElo "1932"]
[BlackElo "1802"]
[PlyCount "63"]
[EventDate "2011.??.??"]

1. d4 d5 2. c4 c6 3. Nc3 Nf6 4. Bg5 e6 5. Nf3 Nbd7 6. a3 Be7 7. e3 b6 8. Bd3
O-O 9. O-O Bb7 10. Rc1 dxc4 11. Bxc4 c5 12. Qe2 cxd4 13. Nxd4 Ne4 14. Bxe7 Nxc3
15. Bxd8 Nxe2+ 16. Bxe2 Rfxd8 17. Rc7 Be4 18. Rfc1 Nf6 19. Nc6 Bxc6 20. R7xc6
Ne8 21. Bf3 Rab8 22. Kf1 Kf8 23. Ke1 a5 24. b4 axb4 25. axb4 Rd3 26. b5 Ke7 27.
Be2 Rd6 28. f4 Rxc6 29. Rxc6 Kd7 30. e4 Nd6 31. e5 Nc8 32. Bf3 1/2-1/2

[Event "SR 3. liga A2 2011/2012"]
[Site "?"]
[Date "2011.11.13"]
[Round "3.4"]
[White "Kahancova, Jana"]
[Black "Slaby, Jozef"]
[Result "0-1"]
[WhiteElo "1670"]
[BlackElo "1856"]
[PlyCount "112"]
[EventDate "2011.??.??"]

1. e4 c6 2. d4 d5 3. Nc3 dxe4 4. Nxe4 Bf5 5. Ng3 Bg6 6. Nf3 e6 7. Bd3 Bxd3 8.
Qxd3 h6 9. c3 Nf6 10. O-O Nbd7 11. Rd1 Be7 12. Ne4 Qc7 13. Be3 Rd8 14. Qc2 Nd5
15. c4 N5f6 16. b3 Nxe4 17. Qxe4 Nf6 18. Qc2 O-O 19. Ne5 c5 20. f4 cxd4 21.
Bxd4 b5 22. Qf2 bxc4 23. Nxc4 Ra8 24. Rac1 Rfc8 25. h3 Nd5 26. f5 Qf4 27. fxe6
Qxf2+ 28. Bxf2 fxe6 29. Re1 Bg5 30. Rc2 Nf4 31. h4 Bf6 32. Bg3 Nh5 33. Bf2 Nf4
34. g3 Nd3 35. Rxe6 Nxf2 36. Rxf2 Bd4 37. Ne3 Re8 38. Rxe8+ Rxe8 39. Kg2 Rxe3
40. Rf4 Rd3 41. Kh3 Be5 42. Rg4 Kh7 43. h5 Rd5 44. Ra4 Bd4 45. g4 Bb6 46. Rf4
Rd3+ 47. Kg2 Rd2+ 48. Kf3 Rxa2 49. Ke4 Rf2 50. Rxf2 Bxf2 51. Kf3 Bb6 52. Kf4
Kg8 53. g5 hxg5+ 54. Kxg5 Kf7 55. Kf5 Ke7 56. Kg6 Kd6 0-1

[Event "SR 3. liga A2 2011/2012"]
[Site "?"]
[Date "2011.11.13"]
[Round "3.4"]
[White "Curidlo, Jan"]
[Black "Kahanec, Jan"]
[Result "1-0"]
[WhiteElo "1851"]
[BlackElo "1513"]
[PlyCount "145"]
[EventDate "2011.??.??"]

1. e4 e5 2. Nf3 Nc6 3. Bb5 d6 4. h3 Nf6 5. d3 Be7 6. c3 Bd7 7. Be3 a6 8. Ba4 h6
9. Nbd2 Nb8 10. Bc2 O-O 11. a4 a5 12. d4 exd4 13. cxd4 Nc6 14. O-O Nb4 15. b3
Re8 16. Ne1 b5 17. Nd3 Nxc2 18. Qxc2 c6 19. Rfd1 Rc8 20. Qa2 bxa4 21. Qxa4 Ra8
22. Qa2 d5 23. e5 Ne4 24. Qc2 Nxd2 25. Bxd2 Bf5 26. Qc3 Bxd3 27. Qxd3 c5 28.
Be3 Qb6 29. dxc5 Bxc5 30. Bxc5 Qxc5 31. Qxd5 Qc3 32. Re1 Rad8 33. Qc4 Qxc4 34.
bxc4 Rc8 35. Ra4 Rc5 36. f4 Rd8 37. Re4 Rb8 38. Kf2 Rb3 39. h4 Kf8 40. Rd4 Rb4
41. Rxb4 axb4 42. Ke2 Ke7 43. Kd3 Ke6 44. g4 Ra5 45. Rd6+ Ke7 46. Rb6 Ra3+ 47.
Ke4 Rh3 48. h5 Rg3 49. Kf5 b3 50. Rb7+ Ke8 51. e6 fxe6+ 52. Kxe6 Re3+ 53. Kd5
Kf8 54. c5 Rg3 55. c6 Rd3+ 56. Kc4 Rd6 57. c7 Rc6+ 58. Kxb3 Ke8 59. Rb8+ Kd7
60. c8=Q+ Rxc8 61. Rxc8 Kxc8 62. Kc4 Kd7 63. Kd5 Ke7 64. Ke5 Kf7 65. Kf5 Kf8
66. Kg6 Kg8 67. f5 Kf8 68. f6 gxf6 69. Kxf6 Kg8 70. Kg6 Kh8 71. Kxh6 Kg8 72.
Kg6 Kh8 73. Kf7 1-0

[Event "SR 3. liga A2 2011/2012"]
[Site "?"]
[Date "2011.11.13"]
[Round "3.4"]
[White "Csoltko, Fridrich"]
[Black "Nedorost, Lubomir"]
[Result "0-1"]
[WhiteElo "1315"]
[BlackElo "1667"]
[PlyCount "114"]
[EventDate "2011.??.??"]

1. d4 e6 2. e4 d5 3. e5 c5 4. c3 Nc6 5. Bb5 a6 6. Ba4 Bd7 7. Nf3 b5 8. Bc2 cxd4
9. cxd4 Bb4+ 10. Bd2 Nge7 11. O-O O-O 12. a3 Ba5 13. b4 Bb6 14. Bg5 Qc7 15.
Bxe7 Nxe7 16. Qe2 Nf5 17. Qd3 Rac8 18. Rc1 Qc4 19. Qd2 g6 20. Qf4 Nxd4 21. Nxd4
Bxd4 22. Nd2 Qc3 23. Rab1 Bxe5 24. Qg5 f6 25. Qg4 Qxd2 26. g3 Rxc2 27. Rf1 f5
28. Qf3 Bc6 29. Rbe1 d4 30. Qb3 Bd5 31. Qb1 Be4 32. Qb3 Rf6 33. Rd1 Qc3 34.
Qxc3 Rxc3 35. f4 Bc7 36. Rxd4 Bb6 37. Rfd1 Rd3 38. Kf1 Bxd4 39. Rc1 Rxa3 40.
Rd1 Ra1 41. Rxa1 Bxa1 42. Ke2 e5 43. fxe5 Bxe5 44. Ke3 Rd6 45. Ke2 Rd4 46. h4
Rxb4 47. h5 Bxg3 48. hxg6 f4 49. gxh7+ Kxh7 50. Kd2 f3 51. Ke3 f2 52. Kd2 f1=N+
53. Kc3 Rc4+ 54. Kb2 Be5+ 55. Ka3 a5 56. Ka2 Rc2+ 57. Kb1 Nd2# 0-1